[Event "Reunion op 11th"]
[Site "St Denis"]
[Date "2009.10.15"]
[Round "7"]
[White "Blard, Gregory"]
[Black "Nassau, Pierre Alexandre"]
[Result "1-0"]
[WhiteElo "1574"]
[BlackElo "1450"]
[PlyCount "113"]
[EventDate "2009.10.10"]
[EventType "swiss"]
[EventRounds "9"]
[EventCountry "RUF"]
[SourceTitle "CBM 132 Extra"]
[Source "ChessBase"]
[SourceDate "2009.11.03"]
[SourceVersion "1"]
[SourceVersionDate "2009.11.03"]
[SourceQuality "1"]

1. e4 e5 2. Nf3 Nc6 3. Bc4 Be7 4. d4 exd4 5. Nxd4 d6 6. Nxc6 bxc6 7. Nc3 Nf6 8. b3 0-0 9. Bb2 Be6 10. Be2 Rb8 11. 0-0 Qd7 12. Qd3 Rfe8 13. h3 Bd8 14. Rfe1 c5 15. Qa6 c6 16. Rad1 Rb6 17. Qd3 Bc7 18. Qf3 Qe7 19. Na4 Rb4 20. Bxf6 Qxf6 21. Qxf6 gxf6 22. c3 Rxe4 23. Bf3 Rxe1+ 24. Rxe1 Bd7 25. Rd1 Re7 26. c4 Ba5 27. Kh2 Bc7 28. g3 Kg7 29. Nc3 f5 30. Kg2 Kg6 31. g4 fxg4 32. hxg4 f5 33. gxf5+ Kxf5 34. Kf1 Kf4 35. Bg2 Bg4 36. Bxc6 Bxd1 37. Nd5+ Kg4 38. Nxe7 h5 39. Nd5 Bb8 40. Ne3+ Kf4 41. Nxd1 h4 42. Kg2 Bc7 43. Nb2 Ke5 44. Nd3+ Kd4 45. Nf4 Kc3 46. Ng6 Bd8 47. Kh3 Kb2 48. Nxh4 Kxa2 49. Ba4 Kb2 50. f4 Kc3 51. Nf5 d5 52. cxd5 Kb4 53. Ne3 c4 54. Nxc4 Kc5 55. d6 a5 56. Kg4 Kd5 57. Kf5 1-0

[Event "Reunion op 11th"]
[Site "St Denis"]
[Date "2009.10.10"]
[Round "1"]
[White "Blard, Gregory"]
[Black "Ringayen, Rose May"]
[Result "1-0"]
[WhiteElo "1574"]
[BlackElo "1040"]
[PlyCount "41"]
[EventDate "2009.10.10"]
[EventType "swiss"]
[EventRounds "9"]
[EventCountry "RUF"]
[SourceTitle "CBM 132 Extra"]
[Source "ChessBase"]
[SourceDate "2009.11.03"]
[SourceVersion "1"]
[SourceVersionDate "2009.11.03"]
[SourceQuality "1"]

1. e4 e5 2. Nf3 Nc6 3. Bc4 Nf6 4. Ng5 Nxe4 5. Nxe4 f5 6. Qf3 d6 7. Ng3 Nd4 8. Qd3 f4 9. Ne4 Bf5 10. c3 d5 11. cxd4 dxe4 12. Qb3 Qe7 13. dxe5 0-0-0 14. Nc3 Qxe5 15. a4 Rd4 16. Nb5 Rd7 17. Nxa7+ Kd8 18. Qxb7 Bc5 19. Nc6+ Ke8 20. Qc8+ Rd8 21. Qxd8# 1-0

[Event "Reunion op 10th"]
[Site "St Denis"]
[Date "2008.10.17"]
[Round "8"]
[White "Blard, Gregory"]
[Black "Strate, Wolfgang"]
[Result "1/2-1/2"]
[WhiteElo "1577"]
[BlackElo "1668"]
[PlyCount "85"]
[EventDate "2008.10.11"]
[EventType "swiss"]
[EventRounds "9"]
[EventCountry "RUF"]
[SourceTitle "EXT 2009"]
[Source "ChessBase"]
[SourceDate "2008.11.26"]
[SourceVersion "1"]
[SourceVersionDate "2008.11.26"]
[SourceQuality "1"]

1. e4 d5 2. exd5 Nf6 3. c4 c6 4. dxc6 Nxc6 5. Nf3 e5 6. d3 Bc5 7. Be2 Bf5 8. 0-0 Qb6 9. a3 Ng4 10. Qe1 0-0 11. h3 Nf6 12. b4 Bd4 13. Nxd4 Qxd4 14. Qc3 Rfe8 15. Bb2 Rad8 16. Rd1 Bg6 17. b5 Qxc3 18. Nxc3 Nd4 19. Bf1 Nb3 20. Rab1 Nc5 21. Ne4 Nfxe4 22. dxe4 Bxe4 23. Rxd8 Rxd8 24. Re1 f6 25. Bc1 Bf5 26. Be3 b6 27. Bxc5 bxc5 28. Be2 Kf7 29. Rd1 Rd4 30. a4 Ke7 31. Kf1 Kd6 32. Ke1 Kc7 33. a5 Kb7 34. Rd2 Be6 35. Rc2 e4 36. h4 f5 37. g3 Bf7 38. Kf1 Be6 39. Ke1 Rd6 40. Rc3 Rd4 41. Rc2 Rd6 42. Rc3 Rd4 43. Rc2 1/2-1/2

[Event "Reunion op 10th"]
[Site "St Denis"]
[Date "2008.10.16"]
[Round "7"]
[White "Belazzoug, Farid"]
[Black "Blard, Gregory"]
[Result "0-1"]
[WhiteElo "1774"]
[BlackElo "1577"]
[PlyCount "64"]
[EventDate "2008.10.11"]
[EventType "swiss"]
[EventRounds "9"]
[EventCountry "RUF"]
[SourceTitle "EXT 2009"]
[Source "ChessBase"]
[SourceDate "2008.11.26"]
[SourceVersion "1"]
[SourceVersionDate "2008.11.26"]
[SourceQuality "1"]

1. d4 d5 2. c4 c6 3. cxd5 cxd5 4. Nf3 Bf5 5. Nc3 Nf6 6. Qb3 b6 7. Bf4 e6 8. e3 Be7 9. Bb5+ Nbd7 10. 0-0 0-0 11. Rac1 Nh5 12. Bg3 Nxg3 13. hxg3 a6 14. Be2 Ra7 15. a3 b5 16. Na2 Qa8 17. Rc3 Rc8 18. Rfc1 Rxc3 19. Qxc3 Nb6 20. Qc6 Nc4 21. Qxa8+ Rxa8 22. Bxc4 bxc4 23. Ne5 f6 24. Nc6 Bd6 25. Ncb4 a5 26. Nc6 Ra6 27. Nxa5 Rxa5 28. Rd1 Ra8 29. Nc3 Bc2 30. Rd2 Bb3 31. Nb5 Ra6 32. Rd3 cxd3 0-1

[Event "Reunion op 10th"]
[Site "St Denis"]
[Date "2008.10.12"]
[Round "3"]
[White "Mablouke, Ulrich"]
[Black "Blard, Gregory"]
[Result "1-0"]
[WhiteElo "1839"]
[BlackElo "1577"]
[PlyCount "37"]
[EventDate "2008.10.11"]
[EventType "swiss"]
[EventRounds "9"]
[EventCountry "RUF"]
[SourceTitle "EXT 2009"]
[Source "ChessBase"]
[SourceDate "2008.11.26"]
[SourceVersion "1"]
[SourceVersionDate "2008.11.26"]
[SourceQuality "1"]

1. e4 e5 2. Nf3 Nc6 3. Bc4 Bc5 4. c3 Nf6 5. d4 exd4 6. cxd4 Bb4+ 7. Nc3 Nxe4 8. 0-0 Nxc3 9. bxc3 Bxc3 10. Ba3 Bxa1 11. Re1+ Ne7 12. Rxe7+ Qxe7 13. Bxe7 Kxe7 14. Qxa1 Re8 15. Ng5 Kf8 16. Nxh7+ Kg8 17. Ng5 Re7 18. Qb1 g6 19. Qxg6+ 1-0

[Event "Reunion op 09th"]
[Site "Reunion"]
[Date "2007.10.14"]
[Round "1"]
[White "Blard, Gregory"]
[Black "Bert, Jerome"]
[Result "0-1"]
[WhiteElo "1590"]
[BlackElo "2122"]
[PlyCount "66"]
[EventDate "2007.10.14"]
[EventType "swiss"]
[EventRounds "9"]
[EventCountry "RUF"]
[SourceTitle "EXT 2012"]
[Source "ChessBase"]
[SourceDate "2011.11.24"]
[SourceVersion "1"]
[SourceVersionDate "2011.11.24"]
[SourceQuality "1"]

1. e4 c5 2. Nf3 g6 3. d4 Bg7 4. c3 cxd4 5. Nxd4 Nc6 6. Be3 Nf6 7. Nd2 0-0 8. Be2 d6 9. 0-0 Bd7 10. h3 b6 11. Bb5 Nxd4 12. Bxd7 Qxd7 13. cxd4 Qb5 14. b3 Rac8 15. Rc1 Qd3 16. Re1 Nxe4 17. Nxe4 Qxe4 18. Bg5 Qxd4 19. Qxd4 Bxd4 20. Bxe7 Rfe8 21. Bxd6 Rxe1+ 22. Rxe1 Rc2 23. Re8+ Kg7 24. Bf8+ Kf6 25. Be7+ Kf5 26. Bh4 g5 27. Bg3 Rxa2 28. Re7 Kf6 29. Rd7 Bc5 30. Kf1 a5 31. Rb7 Rb2 32. f4 gxf4 33. Bxf4 Rf2+ 0-1

[Event "Reunion op 08th"]
[Site "Etang Sale"]
[Date "2006.10.18"]
[Round "5"]
[White "Rodier, David"]
[Black "Blard, Gregory"]
[Result "1-0"]
[WhiteElo "2147"]
[BlackElo "1550"]
[PlyCount "63"]
[EventDate "2006.10.14"]
[EventType "swiss"]
[EventRounds "9"]
[EventCountry "FRA"]
[SourceTitle "EXT 2007"]
[Source "ChessBase"]
[SourceDate "2006.11.23"]
[SourceVersion "1"]
[SourceVersionDate "2006.11.23"]
[SourceQuality "1"]

1. d4 Nf6 2. c4 g6 3. Nc3 Bg7 4. e4 d6 5. f4 e6 6. Nf3 Nbd7 7. e5 dxe5 8. fxe5 Ng4 9. h3 Nh6 10. Bf4 f6 11. exf6 Qxf6 12. Bxc7 0-0 13. Ne4 Qf7 14. Bd6 Re8 15. Bd3 e5 16. d5 Bf8 17. Qe2 Nf5 18. Nfg5 Qg7 19. Ne6 Qh6 20. Bxf8 Rxf8 21. Nxf8 Nxf8 22. Nf6+ Kf7 23. Ng4 Qh4+ 24. Qf2 Nd7 25. Qxh4 Nxh4 26. 0-0+ Ke7 27. Rae1 Kd6 28. g3 Nc5 29. Rf6+ Kc7 30. d6+ Kd8 31. Nxe5 Nxd3 32. Rf8# 1-0

[Event "Reunion op 07th"]
[Site "Reunion"]
[Date "2004.10.13"]
[Round "5"]
[White "Blard, Gregory"]
[Black "Lebon, Yohan"]
[Result "1/2-1/2"]
[WhiteElo "1360"]
[BlackElo "1300"]
[PlyCount "71"]
[EventDate "2004.10.09"]
[EventType "swiss"]
[EventRounds "9"]
[EventCountry "RUF"]
[SourceTitle "CBM 102 Extra"]
[Source "ChessBase"]
[SourceDate "2004.11.03"]
[SourceVersion "1"]
[SourceVersionDate "2004.11.03"]
[SourceQuality "1"]

1. e4 e6 2. d4 d5 3. e5 c5 4. c3 Nc6 5. Nf3 Qb6 6. Nbd2 cxd4 7. cxd4 Bb4 8. Be2 Bxd2+ 9. Qxd2 Nge7 10. 0-0 0-0 11. b3 Nf5 12. Bb2 Bd7 13. Rfc1 Rac8 14. Ba3 Rfe8 15. Bc5 Qd8 16. a4 b6 17. Ba3 Na5 18. Rab1 Rxc1+ 19. Qxc1 Qc8 20. Qxc8 Rxc8 21. b4 Nb7 22. Ba6 Rc7 23. Bxb7 Rxb7 24. a5 bxa5 25. h3 axb4 26. Rxb4 Rxb4 27. Bxb4 f6 28. Bc3 Bb5 29. g4 Ne7 30. Nd2 Nc6 31. f4 a5 32. Nb1 a4 33. Na3 Bc4 34. Kf2 Kf7 35. Ke3 Kg6 36. h4 1/2-1/2